<?xml version="1.0" encoding="UTF-8"?>
<record
    xmlns:xsi="http://www.w3.org/2001/XMLSchema-instance"
    xsi:schemaLocation="http://www.loc.gov/MARC21/slim http://www.loc.gov/standards/marcxml/schema/MARC21slim.xsd"
    xmlns="http://www.loc.gov/MARC21/slim">

  <leader>00359nam a22001457a 4500</leader>
  <controlfield tag="003">OSt</controlfield>
  <controlfield tag="005">20251220111820.0</controlfield>
  <controlfield tag="008">251220b        |||||||| |||| 00| 0 eng d</controlfield>
  <datafield tag="040" ind1=" " ind2=" ">
    <subfield code="c">IIMT UNIVERSITY</subfield>
  </datafield>
  <datafield tag="100" ind1=" " ind2=" ">
    <subfield code="a">MISRA, S.K &amp; PURI, V.K</subfield>
  </datafield>
  <datafield tag="245" ind1=" " ind2=" ">
    <subfield code="a">INDIAN ECONOMY</subfield>
  </datafield>
  <datafield tag="260" ind1=" " ind2=" ">
    <subfield code="a">NEW DELHI</subfield>
    <subfield code="b">HIMALAYAN PUBLISHING HOUSE</subfield>
    <subfield code="c">2009</subfield>
  </datafield>
  <datafield tag="300" ind1=" " ind2=" ">
    <subfield code="a">850</subfield>
  </datafield>
  <datafield tag="942" ind1=" " ind2=" ">
    <subfield code="2">ddc</subfield>
    <subfield code="c">01</subfield>
  </datafield>
  <datafield tag="999" ind1=" " ind2=" ">
    <subfield code="c">66888</subfield>
    <subfield code="d">66888</subfield>
  </datafield>
  <datafield tag="952" ind1=" " ind2=" ">
    <subfield code="0">0</subfield>
    <subfield code="1">0</subfield>
    <subfield code="2">ddc</subfield>
    <subfield code="4">0</subfield>
    <subfield code="7">0</subfield>
    <subfield code="a">28</subfield>
    <subfield code="b">28</subfield>
    <subfield code="d">2025-12-20</subfield>
    <subfield code="e">HIMALAYAN PUBLISHING HOUSE</subfield>
    <subfield code="g">440.00</subfield>
    <subfield code="i">SPECIMEN</subfield>
    <subfield code="p">28-S-4916</subfield>
    <subfield code="r">2025-12-20</subfield>
    <subfield code="u">Economics, </subfield>
    <subfield code="w">2025-12-20</subfield>
    <subfield code="y">01</subfield>
  </datafield>
</record>
